[Event "Titled Tue 11th Jun Late"]
[Site "chess.com INT"]
[Date "2024.06.11"]
[Round "11"]
[White "Fedoseev,Vl3"]
[Black "Nakamura,Hi"]
[Result "0-1"]
[WhiteElo "2685"]
[BlackElo "2794"]

1.e4 e5 2.Nf3 Nc6 3.Nc3 Nf6 4.d4 exd4 5.Nxd4 Bb4 6.Nxc6 bxc6 7.Bd3 O-O 8.O-O d5
9.exd5 Bg4 10.f3 Bh5 11.dxc6 Qd4+ 12.Kh1 Bxc3 13.bxc3 Qxc3 14.Rb1 Bg6 15.Bxg6 hxg6
16.Bb2 Qxc6 17.Bxf6 gxf6 18.Rb3 Rad8 19.Qe2 Rfe8 20.Qf2 Qc4 21.Rg1 a5 22.h3 Re2
23.Qa7 Kg7 24.Qxa5 Rdd2 25.Rd3 Rxc2 26.Qd5 Qh4 27.f4 Qxf4 28.a3 c5 29.Rf3 Qe5
30.Qxe5 fxe5 31.Rff1 Re4 32.Rc1 Ra2 33.Rxc5 Rxa3 34.Rf1 Ra7 35.Rc2 Re7 36.Rcf2 f5
37.Kh2 Rd4 38.Re2 e4 39.g4 Kf6 40.Kg3 Ke5 41.Kh4 Kf6 42.Kg3 Rd3+ 43.Kg2 Kg5
44.Ref2 Re5 45.Rf4 e3 46.h4+ Kf6 47.Re1 Rb5 48.Re2 Ke5 49.Kf3 Rb1 50.Ra4 Rf1+
51.Kg2 Rc1 52.Kf3 Rf1+ 53.Kg2 Rf4 54.Ra5+ Kf6 55.Ra6+ Kg7 56.gxf5 gxf5 57.Re6 Rg4+
58.Kf3 Rxh4 59.R6xe3 Rdd4 60.Kg2 Kf6 61.Rf3 Kg5 62.Ref2 f4 63.Rh3 Rg4+ 64.Kf1 Rd1+
65.Ke2 Ra1 66.Rfh2 Kf5 67.Rh5+ Ke4 68.Kd2 Ra2+ 69.Kc3 Rxh2 70.Rxh2 Ke3 71.Rh8 f3
72.Re8+ Kf2 73.Kd2 Rg7 74.Rf8 Rd7+ 75.Kc3 Kg2 76.Rg8+ Kf1 77.Rg5 f2 78.Rg7 Rxg7  0-1

[Event "Bullet Chess Winners 2024"]
[Site "chess.com INT"]
[Date "2024.06.12"]
[Round "4.21"]
[White "Nakamura,Hi"]
[Black "Naroditsky,D"]
[Result "1-0"]
[WhiteElo "2794"]
[BlackElo "2619"]

1.b3 e5 2.Bb2 Nc6 3.g3 d5 4.Bg2 Nf6 5.e3 h5 6.h3 Be6 7.d3 Qd7 8.a3 O-O-O
9.b4 Kb8 10.b5 Ne7 11.Bxe5 Qxb5 12.Nf3 Ng6 13.Bc3 Qd7 14.Nbd2 c5 15.Rb1 Bd6
16.d4 c4 17.Ne5 Qc7 18.Nexc4 dxc4 19.Rxb7+ Qxb7 20.Bxb7 Kxb7 21.e4 Rhe8 22.O-O Bxh3
23.Re1 Bc7 24.d5 Ne5 25.Bxe5 Rxe5 26.Qf3 Bg4 27.Qc3 Nxd5 28.Rb1+ Nb6 29.Nxc4 Re6
30.Na5+ Kc8 31.Nc6 Rxc6 32.Qxc6 Rd6 33.Qe8+ Kb7 34.Qxf7 Rd7 35.Qg6 Rd6 36.Qxg7 Rc6
37.a4 a5 38.Qg5 Rxc2 39.Qxa5 Bf3 40.Qb5 h4 41.Qb3 Bxe4 42.Qe3 Rc4 43.Rc1 Rxa4
44.Qc5 Bb8 45.Qe7+ Ka6 46.Qf6 hxg3 47.fxg3 Bxg3 48.Qf1+ Ka7 49.Qf7+ Bb7 50.Qf6 Ra5
51.Ra1 Rxa1+ 52.Qxa1+ Kb8 53.Qh8+ Bc8 54.Qc3 Bc7 55.Qc2 Kb7 56.Qg2+ Kb8 57.Qe4 Nd7
58.Qb4+ Bb6+ 59.Kh2 Bb7 60.Qb2 Bc7+ 61.Kg1 Be5 62.Qb4 Bd4+ 63.Qxd4 Nc5 64.Qxc5  1-0

[Event "Bullet Chess Winners 2024"]
[Site "chess.com INT"]
[Date "2024.06.12"]
[Round "4.15"]
[White "Nakamura,Hi"]
[Black "Naroditsky,D"]
[Result "0-1"]
[WhiteElo "2794"]
[BlackElo "2619"]

1.Nf3 Nf6 2.d4 g6 3.c4 Bg7 4.Nc3 O-O 5.e4 d6 6.Be2 Na6 7.O-O e5 8.Be3 Qe7
9.dxe5 dxe5 10.Nd5 Qd8 11.Bg5 c6 12.Nxf6+ Bxf6 13.Bh6 Re8 14.Qc1 Nc5 15.Qe3 Ne6
16.Rfd1 Qe7 17.Rd2 Nf4 18.Bxf4 exf4 19.Qxf4 Bg7 20.e5 Bf5 21.g4 Be6 22.h3 Rad8
23.Rad1 Rxd2 24.Rxd2 Qb4 25.b3 h6 26.Rd6 Bf8 27.Rd3 Bg7 28.Nd4 Bc8 29.Re3 Qc5
30.Nf3 Be6 31.Bd3 Rd8 32.Be2 a5 33.Rd3 Re8 34.Qd4 Qxd4 35.Rxd4 a4 36.b4 a3
37.Rd1 Ra8 38.Rc1 Ra4 39.Rb1 Bf8 40.Nd4 Rxb4 41.Rxb4 Bxb4 42.Nxe6 fxe6 43.Bd3 g5
44.f4 gxf4 45.Kf2 Bc3 46.Kf3 Bxe5 47.h4 Kg7 48.g5 hxg5 49.hxg5 Bd6 50.Kg4 Bc7
51.Be4 Kf7 52.Bd3 Ke7 53.g6 Be5 54.Be4 Kf6 55.Bd3 Kg7 56.Be4 Bc7 57.Bd3 e5
58.Be4 Kf6 59.Bd3 Bd6 60.Be4 Bf8 61.Bd3 Ke6 62.Be4 Bg7 63.Kg5 Kd6 64.Kf5 Kc5
65.Ke6 Kd4 66.Bg2 e4 67.Kf7 Be5 68.Ke6 f3 69.Bh1 Bh8 70.Kf5 f2 71.Bg2 e3
72.Bf1 Kc3 73.Kf4 Kb2 74.c5 Kxa2 75.g7 Bxg7 76.Kxe3 Kb2 77.Kxf2 a2 78.Bc4 a1=Q  0-1

[Event "Bullet Chess Winners 2024"]
[Site "chess.com INT"]
[Date "2024.06.12"]
[Round "4.17"]
[White "Nakamura,Hi"]
[Black "Naroditsky,D"]
[Result "1/2-1/2"]
[WhiteElo "2794"]
[BlackElo "2619"]

1.b3 Nf6 2.Bb2 g6 3.Nf3 Bg7 4.d4 O-O 5.e3 d6 6.Be2 c6 7.O-O Qc7 8.c4 Nbd7
9.b4 e5 10.c5 exd4 11.cxd6 Qxd6 12.Qxd4 Qe7 13.Nc3 Nb6 14.a3 Be6 15.Qd2 Rad8
16.Nd4 Bc4 17.Qc2 Bxe2 18.Ncxe2 Rfe8 19.Nc3 h5 20.h3 h4 21.Rfd1 Nfd7 22.Nf3 Nc4
23.Rac1 Nxb2 24.Qxb2 Nb6 25.Qb3 Rxd1+ 26.Rxd1 Rd8 27.Rxd8+ Qxd8 28.Ne4 Nd5
29.Qd3 Qe7 30.Nc5 b6 31.Nb3 Nc3 32.Nbd4 c5 33.Qxc3 cxd4 34.exd4 Qe2 35.Qc8+ Bf8
36.Qg4 Qd1+ 37.Kh2 Bd6+ 38.g3 hxg3+ 39.fxg3 Qe2+ 40.Kg1 Qe3+ 41.Kf1 Qxa3
42.h4 Qxb4 43.h5 Qb1+ 44.Kg2 Qf5 45.Qxf5 gxf5 46.Nh4 a5 47.Nxf5 a4 48.Ne3 a3
49.Kf3 a2 50.Nc2 Bb4 51.Ke4 Bc3 52.d5 a1=Q 53.Nxa1 Bxa1 54.d6 Bf6 55.g4 Kg7
56.Kd5 b5 57.Kc5 Kh6 58.d7 Bd8 59.Kxb5 f5 60.gxf5 Kxh5 61.Kc6 Kg5 62.Kb7 Kxf5
63.Kb8 Bf6 64.Kc8 Ke6 65.Kc7 Be7 66.Kc6 Bd8 67.Kb7 Kxd7  1/2-1/2

[Event "Bullet Chess Winners 2024"]
[Site "chess.com INT"]
[Date "2024.06.12"]
[Round "4.18"]
[White "Naroditsky,D"]
[Black "Nakamura,Hi"]
[Result "1/2-1/2"]
[WhiteElo "2619"]
[BlackElo "2794"]

1.e4 g6 2.d4 Bg7 3.Nc3 c6 4.f3 d5 5.Be3 dxe4 6.fxe4 Nf6 7.Nf3 Ng4 8.Bg1 e5
9.h3 exd4 10.Bxd4 Bxd4 11.Qxd4 Qxd4 12.Nxd4 Ne5 13.O-O-O Nbd7 14.Be2 Ke7
15.Rhf1 Rd8 16.Rf2 Nc5 17.Bf1 Ne6 18.Rfd2 Rxd4 19.Rxd4 Nxd4 20.Rxd4 Be6 21.Be2 g5
22.Nd1 g4 23.hxg4 Bxg4 24.Bxg4 Nxg4 25.Kd2 Rg8 26.Ke2 Ne5 27.Ne3 Ke6 28.Nf5 Ng6
29.Rd6+ Ke5 30.Rd7 Nf4+ 31.Kf3 Ne6 32.Rxb7 Ng5+ 33.Ke3 Nxe4 34.Rxf7 Nf6 35.Nd4 Nd5+
36.Kd3 c5 37.Nf3+ Ke6 38.Rxh7 Rxg2 39.Rxa7 Nb4+ 40.Kc4 Rxc2+ 41.Kb3 Rf2 42.Ng5+ Kd5
43.Rd7+ Kc6 44.Rf7 Re2 45.Rf6+ Kb5 46.a4+ Ka5 47.Ne6 Nd3 48.Nc7 Rxb2+ 49.Kc3 Rb6
50.Rxb6 Kxb6 51.Nd5+ Ka5 52.Kxd3 Kxa4 53.Kc4 Ka3 54.Kxc5  1/2-1/2

[Event "Bullet Chess Winners 2024"]
[Site "chess.com INT"]
[Date "2024.06.12"]
[Round "4.19"]
[White "Nakamura,Hi"]
[Black "Naroditsky,D"]
[Result "1-0"]
[WhiteElo "2794"]
[BlackElo "2619"]

1.e4 e5 2.Nc3 Nf6 3.Bc4 Bc5 4.d3 d6 5.h3 Be6 6.Nge2 Nc6 7.O-O h5 8.Bg5 Ne7
9.Bxe6 fxe6 10.d4 exd4 11.Nxd4 Qd7 12.Nb3 Bb6 13.Qe2 Ng6 14.a4 a6 15.a5 Ba7
16.Rad1 Qf7 17.Kh1 Nh7 18.Be3 Bxe3 19.Qxe3 Qf4 20.Qd3 Nf6 21.Nd4 Kd7 22.Nde2 Qe5
23.f4 Qxa5 24.e5 Nxe5 25.fxe5 Qxe5 26.Nf4 Rh6 27.Rde1 Qf5 28.Qg3 h4  1-0

[Event "Bullet Chess Winners 2024"]
[Site "chess.com INT"]
[Date "2024.06.12"]
[Round "4.20"]
[White "Naroditsky,D"]
[Black "Nakamura,Hi"]
[Result "1-0"]
[WhiteElo "2619"]
[BlackElo "2794"]

1.Nf3 g6 2.g3 Bg7 3.Bg2 d6 4.O-O Bd7 5.Nc3 Qc8 6.Re1 Bh3 7.Bxh3 Qxh3 8.Ng5 Qd7
9.d4 Nf6 10.e4 h6 11.Nf3 e6 12.e5 Ng8 13.d5 dxe5 14.Nxe5 Bxe5 15.Rxe5 Ne7
16.dxe6 Qxd1+ 17.Nxd1 Nbc6 18.exf7+ Kxf7 19.Re1 Rad8 20.Bf4 Nd4 21.Re4 Nxc2
22.Rc1 c6 23.Nc3 Nd4 24.Kg2 Ne6 25.Rce1 Nxf4+ 26.Rxf4+ Ke8 27.Ne4 Rd3 28.Nc5 Rd5
29.Rfe4 Rh7 30.Nxb7 Kd7 31.b4 Nf5 32.Nc5+ Kc7 33.Re6 a5 34.a3 axb4 35.axb4 Kb6
36.Rxg6 Kb5 37.Ne6 Kxb4 38.Nf4 Rd2 39.Rxc6 Kb5 40.Rc8 Ka6 41.Rb1 Ka7 42.Rc5 Ne3+
43.Kf3 Ra2 44.Kxe3 Re7+ 45.Kf3 Ra3+ 46.Kg2 Ra6 47.Rc2 Rd7 48.Rcb2 Rc7 49.Rd2 Rf7
50.Rdd1 Ra2 51.Ra1 Rxa1 52.Rxa1+ Kb6 53.Re1 Rf6 54.Re6+ Rxe6 55.Nxe6 Kc6
56.Nf4 Kd6 57.Kh3 Ke5 58.Kh4 Kf5 59.Kh5 Ke4 60.Kxh6 Kf3 61.Kg5 Kxf2 62.h4 Kf3
63.h5 Ke4 64.h6 Ke5 65.h7 Ke4 66.h8=Q Kf3 67.Ng6 Kxg3 68.Qc3+ Kf2 69.Kf4 Ke2
70.Qc2+ Ke1 71.Kf3  1-0

[Event "Bullet Chess Winners 2024"]
[Site "chess.com INT"]
[Date "2024.06.12"]
[Round "4.13"]
[White "Nakamura,Hi"]
[Black "Naroditsky,D"]
[Result "1-0"]
[WhiteElo "2794"]
[BlackElo "2619"]

1.b3 d5 2.Bb2 Bf5 3.e3 e6 4.Nf3 Nf6 5.d4 h6 6.c4 Bb4+ 7.Bc3 Qe7 8.Bd3 Bxd3
9.Qxd3 O-O 10.O-O a5 11.a3 Bxc3 12.Nxc3 c6 13.Rfb1 Nbd7 14.c5 e5 15.Qc2 Rfe8
16.b4 exd4 17.Nxd4 axb4 18.axb4 g6 19.h3 Ne5 20.Nce2 Ne4 21.Nf4 Qf6 22.b5 Rxa1
23.Rxa1 g5 24.bxc6 bxc6 25.Nh5 Qg6 26.g4 Nc4 27.f3 Nxe3 28.Qd3 Nc4 29.fxe4 Rxe4
30.Qf3 Rxd4 31.Ra8+ Kh7 32.Nf6+  1-0

[Event "Bullet Chess Winners 2024"]
[Site "chess.com INT"]
[Date "2024.06.12"]
[Round "4.22"]
[White "Naroditsky,D"]
[Black "Nakamura,Hi"]
[Result "0-1"]
[WhiteElo "2619"]
[BlackElo "2794"]

1.d4 g6 2.c4 Bg7 3.e4 d6 4.Nc3 Nc6 5.Be3 e5 6.Nge2 Nf6 7.f3 O-O 8.Qd2 a6
9.d5 Na5 10.Ng3 b5 11.h4 h5 12.c5 Nc4 13.Bxc4 bxc4 14.c6 a5 15.Bg5 Ba6 16.O-O Qb8
17.Kh2 Nh7 18.Bh6 Qd8 19.Nge2 Qxh4+ 20.Kg1 Bxh6 21.Qxh6 Qg5 22.Qxg5 Nxg5
23.f4 exf4 24.Rxf4 Rfe8 25.Raf1 Re7 26.Ng3 Rb8 27.R1f2 Kg7 28.Rd2 Rbe8 29.Rd4 Rh8
30.Nf1 h4 31.Nd2 h3 32.Nxc4 hxg2 33.Kxg2 Rb8 34.b3 Rb4 35.Rg4 Nh7 36.Rf4 Nf6
37.Kf3 g5 38.Rf5 Kg6 39.Rxf6+ Kxf6 40.Ke3 Re8 41.Nd1 a4 42.Nd2 Rxd4 43.Kxd4 axb3
44.axb3 g4 45.Ne3 Bc8 46.Ndf1 Rh8 47.Ng3 Rh3 48.Nef1 Kg5 49.e5 dxe5+ 50.Kxe5 f5
51.Kd4 f4 52.Ne4+ Kf5 53.d6 cxd6 54.Nxd6+ Ke6 55.Nxc8 g3 56.Nxg3 fxg3 57.Ke3 Rh7
58.Kf3 Rc7 59.Nb6 Rxc6 60.Nc4 Rc8 61.Kxg3 Rf8 62.Ne3 Rg8+ 63.Ng4 Rb8  0-1

[Event "Bullet Chess Winners 2024"]
[Site "chess.com INT"]
[Date "2024.06.12"]
[Round "4.23"]
[White "Nakamura,Hi"]
[Black "Naroditsky,D"]
[Result "1-0"]
[WhiteElo "2794"]
[BlackElo "2619"]

1.b3 Nf6 2.Bb2 g6 3.e3 Bg7 4.Nf3 O-O 5.d4 d6 6.Be2 c5 7.dxc5 dxc5 8.Qxd8 Rxd8
9.O-O Nc6 10.Rd1 Bf5 11.Na3 Nb4 12.c3 Nc6 13.c4 Nb4 14.Nb5 a6 15.Nc7 Rac8
16.Rxd8+ Rxd8 17.a3 Nc6 18.Rd1 Rc8 19.Bxf6 Bxf6 20.Nd5 Bc2 21.Rc1 Be4 22.Nxf6+ exf6
23.Nd2 Bf5 24.Kf1 Rd8 25.Ke1 Na5 26.Rc3 Kf8 27.Bf3 b6 28.b4  1-0

[Event "Bullet Chess Winners 2024"]
[Site "chess.com INT"]
[Date "2024.06.12"]
[Round "4.24"]
[White "Naroditsky,D"]
[Black "Nakamura,Hi"]
[Result "0-1"]
[WhiteElo "2619"]
[BlackElo "2794"]

1.Nf3 g6 2.c4 Bg7 3.d4 d6 4.Nc3 Bd7 5.e4 Qc8 6.Be2 c5 7.d5 Bg4 8.Be3 Nd7
9.Nd2 Bxe2 10.Qxe2 Ngf6 11.O-O O-O 12.f4 Re8 13.Rae1 e6 14.a4 a6 15.Qd3 exd5
16.cxd5 Qc7 17.e5 dxe5 18.f5 e4 19.Ndxe4 Nxe4 20.Nxe4 c4 21.Qc2 Qe5 22.fxg6 hxg6
23.Nc3 Qd6 24.Qd2 Nf6 25.Bd4 Ng4 26.g3 Ne5 27.Qf4 f5 28.Re2 Nf7 29.Bxg7 Kxg7
30.Qxc4 Qb6+ 31.Rff2 Rac8 32.Qd3 Ne5 33.Qe3 Qd6 34.Qd4 Rc4 35.Qd1 Qc5 36.Kg2 Ng4
37.Rf3 Ne3+ 38.Rfxe3 Rxe3 39.Rxe3 Qxe3 40.d6 Rd4 41.Qb3 Rd2+ 42.Kh3 Qh6+  0-1

[Event "Bullet Chess Winners 2024"]
[Site "chess.com INT"]
[Date "2024.06.12"]
[Round "4.25"]
[White "Nakamura,Hi"]
[Black "Naroditsky,D"]
[Result "0-1"]
[WhiteElo "2794"]
[BlackElo "2619"]

1.b3 d6 2.Bb2 Nf6 3.d4 g6 4.Nf3 Bg7 5.e3 O-O 6.Be2 Nbd7 7.O-O c6 8.c4 Qc7
9.b4 e5 10.c5 exd4 11.cxd6 Qxd6 12.Qxd4 Qc7 13.Qd1 a5 14.bxa5 Rxa5 15.Nc3 Rd8
16.Rc1 Nb6 17.Nd4 c5 18.Ncb5 Qe7 19.Qe1 Rxa2 20.Bc3 cxd4 21.Bxd4 Nbd5 22.Bc4 Ra8
23.Rd1 Bd7 24.Bxd5 Bxb5 25.Bf3 Bxf1 26.Qxf1 Ne4 27.Qb5 Bxd4 28.exd4 Nc3 29.Qb3 Nxd1
30.Qxd1 Rxd4 31.Qf1 Rad8 32.g3 Qd6 33.Kg2 Rd2 34.Qb5 Qd4 35.Kh3 Qxf2 36.Qxb7 Qxh2+
37.Kg4 Qh5+ 38.Kf4 Qf5+ 39.Ke3 R8d3+  0-1

[Event "Bullet Chess Winners 2024"]
[Site "chess.com INT"]
[Date "2024.06.12"]
[Round "4.26"]
[White "Naroditsky,D"]
[Black "Nakamura,Hi"]
[Result "1-0"]
[WhiteElo "2619"]
[BlackElo "2794"]

1.d4 Nf6 2.c4 e6 3.Nc3 d5 4.cxd5 exd5 5.Bg5 Be7 6.Qc2 h6 7.Bh4 c6 8.e3 Nh5
9.Bxe7 Kxe7 10.Nf3 Nf6 11.Ne5 Nbd7 12.f4 Re8 13.Bd3 c5 14.O-O Kf8 15.Rad1 b6
16.Bb5 a6 17.Bc6 Ra7 18.Nxd5 Nxd5 19.Bxd5 Nf6 20.Bb3 cxd4 21.Nc6 Qc7 22.Nxa7 Qxa7
23.Rxd4 b5 24.Rfd1 Qe7 25.Qc3 Bb7 26.Qb4 Qxb4 27.Rxb4 Rxe3 28.Rbd4 Ke7 29.R4d2 Ne4
30.Rd7+ Kf6 31.Rxf7+ Kg6 32.Rxb7 Nd2 33.Rxd2 Re1+ 34.Kf2 Ra1 35.Rd6+ Kf5
36.Rf7+ Kg4 37.Rg6+ Kh5 38.Rgxg7 Rc1 39.Rf5+ Kh4 40.g3+  1-0

[Event "Bullet Chess Winners 2024"]
[Site "chess.com INT"]
[Date "2024.06.12"]
[Round "4.27"]
[White "Nakamura,Hi"]
[Black "Naroditsky,D"]
[Result "0-1"]
[WhiteElo "2794"]
[BlackElo "2619"]

1.b3 d5 2.Bb2 Bg4 3.h3 Bh5 4.Nf3 Bxf3 5.gxf3 e6 6.e3 Nf6 7.d4 g6 8.Nd2 Bg7
9.c4 c5 10.dxc5 O-O 11.a3 Nc6 12.b4 d4 13.e4 Nh5 14.Nb3 Nf4 15.Qd2 Qh4 16.O-O-O Rad8
17.Kb1 d3 18.Bxg7 Kxg7 19.Rg1 Ne5 20.Rg3 Qf6 21.Qc3 h5 22.Nd2 a5 23.b5 Rc8
24.Nb3 a4 25.Nc1 Rfd8 26.Bxd3 Nexd3 27.Qxf6+ Kxf6 28.Nxd3 Nxd3 29.Kc2 Nxc5
30.Re1 Rd3 31.f4 Rcd8 32.Rg5 Rd2+ 33.Kc1 Nb3+ 34.Kb1 Rxf2 35.e5+ Kg7 36.Rg2 Rxg2
37.Re2 Rxe2  0-1

[Event "Bullet Chess Winners 2024"]
[Site "chess.com INT"]
[Date "2024.06.12"]
[Round "4.28"]
[White "Naroditsky,D"]
[Black "Nakamura,Hi"]
[Result "1/2-1/2"]
[WhiteElo "2619"]
[BlackElo "2794"]

1.d4 h6 2.c4 g6 3.Nc3 Bg7 4.e4 d6 5.Be3 Nc6 6.Qd2 e5 7.Nge2 Nf6 8.f3 a6 9.dxe5 dxe5
10.Qxd8+ Nxd8 11.O-O-O Ne6 12.Nd5 b6 13.g3 Bb7 14.Bh3 Bxd5 15.cxd5 Nc5 16.Kb1 Bf8
17.Rc1 Bd6 18.Rhd1 Kf8 19.a3 Kg7 20.Ka2 Rhd8 21.Rc4 Ng8 22.f4 f6 23.Bg2 Re8
24.b4 Nb7 25.Rdc1 Re7 26.Rc6 Nd8 27.R6c2 Nf7 28.Bh3 f5 29.exf5 exf4 30.Bxf4 g5
31.Bxd6 Nxd6 32.Rxc7 Kf6 33.Rxe7 Nxe7 34.Nd4 Rc8 35.Rxc8 Ndxc8 36.Bg2 Nd6
37.Kb3 Nexf5 38.Nxf5 Kxf5 39.a4 a5 40.bxa5 bxa5 41.Kc3 Ke5 42.Kd3 g4 43.Bh1 h5
44.Bg2 Nf5 45.Be4 Ne7 46.d6 Kxd6 47.Kc4 Ke5 48.Bc2 Nd5 49.Kb5 h4 50.gxh4 Kf6
51.Kxa5 Nc3 52.Kb4 Nxa4 53.Kxa4 Kg7 54.Bf5 Kh6 55.Bxg4 Kg6 56.Kb4 Kh6 57.Kc4 Kg7
58.Kd4 Kh6 59.Kd3 Kg7 60.Ke3 Kh6 61.Kf3 Kg6 62.Kg3 Kh6 63.Bf3 Kg6 64.h3 Kh6
65.Kg4 Kg6 66.Kf4 Kh6 67.Kf5 Kh7 68.Kg5 Kg7 69.Kh5 Kh7 70.Bg4 Kg7 71.Bf5 Kh8
72.Kg4 Kg8 73.Kg5 Kh8 74.Be4 Kg8 75.Bf3 Kh8 76.h5 Kg8 77.Kh4 Kh8 78.Kg4 Kg8
79.Kg5 Kh8 80.h4 Kg8 81.Be4 Kh8 82.Bd5 Kg7 83.Be6 Kh8 84.Bf5 Kg7 85.h6+ Kh8
86.Kh5 Kg8 87.Kg6 Kh8 88.Kg5 Kg8 89.Be4 Kh8 90.Bd5 Kh7 91.Be6 Kh8 92.Bd7 Kh7
93.Bc8 Kh8 94.Bd7 Kh7 95.Be6 Kh8  1/2-1/2

[Event "Bullet Chess Winners 2024"]
[Site "chess.com INT"]
[Date "2024.06.12"]
[Round "4.14"]
[White "Naroditsky,D"]
[Black "Nakamura,Hi"]
[Result "1-0"]
[WhiteElo "2619"]
[BlackElo "2794"]

1.Nf3 g6 2.c4 Bg7 3.Nc3 d6 4.d4 Bd7 5.e4 Qc8 6.Be2 c5 7.Be3 cxd4 8.Bxd4 Nf6
9.O-O Nc6 10.Be3 Ng4 11.Bd2 O-O 12.h3 Nf6 13.Be3 b6 14.Rc1 Qb7 15.Qd2 Rac8
16.Bh6 Ne5 17.Bxg7 Kxg7 18.b3 Nxe4 19.Nxe4 Qxe4 20.Rfe1 Bc6 21.Bd1 Qf5 22.Nd4 Qf6
23.f4 Nd7 24.Bg4 e6 25.Bxe6 fxe6 26.Nxe6+ Kg8 27.Nxf8 Rxf8 28.Rcd1 Nc5 29.Qxd6 Bb7
30.Qxf6 Rxf6 31.Re7 Rf7 32.Rxf7 Kxf7 33.b4 Na6 34.Rd7+ Kf6 35.Rxb7 Nxb4 36.Rxa7 h5
37.a4 Kf5 38.Rb7 Nd3 39.Rxb6 h4 40.a5 Nxf4 41.a6 Ne2+ 42.Kf2 Ng3 43.a7 Ne4+
44.Kg1 Ng5 45.a8=Q Kf4 46.Rf6+ Ke3 47.Qd5 Ne4 48.Rf3+ Ke2 49.Qd3+  1-0

[Event "Bullet Chess Winners 2024"]
[Site "chess.com INT"]
[Date "2024.06.12"]
[Round "4.16"]
[White "Naroditsky,D"]
[Black "Nakamura,Hi"]
[Result "0-1"]
[WhiteElo "2619"]
[BlackElo "2794"]

1.Nf3 d5 2.g3 Nf6 3.Bg2 g6 4.O-O Bg7 5.d3 O-O 6.Nbd2 c5 7.e4 Nc6 8.c3 e5
9.exd5 Nxd5 10.Nc4 Re8 11.Re1 Bf5 12.Ng5 h6 13.Ne4 Bxe4 14.dxe4 Nb6 15.Qe2 Qc7
16.Ne3 Rad8 17.a4 Na5 18.Rb1 Nb3 19.Qc2 c4 20.a5 Nxa5 21.Nd5 Nxd5 22.exd5 Nb3
23.Be3 b5 24.Rbd1 a5 25.h4 f5 26.h5 e4 27.hxg6 Nc5 28.Bxc5 Qxc5 29.g4 fxg4
30.Rxe4 g3 31.Rxe8+ Rxe8 32.d6 Rf8 33.d7 Bf6 34.Rd5 Qb6 35.Qe2 Bd8 36.Qe8 Qxf2+
37.Kh1 Qf6 38.Rh5 Kg7 39.Qe5 b4 40.Qxf6+ Rxf6 41.Re5 Rd6 42.Rd5 Rxd5 43.Bxd5 bxc3
44.bxc3 Kxg6 45.Bxc4 h5 46.Kg2 h4 47.Kh3 Kg5 48.Bb3 Kf4 49.Ba4 Ke5 50.c4 Kd4
51.Bb5 Kc5 52.Kg4 Kb4 53.Kh3 a4 54.Bc6 a3 55.Bd5 a2 56.c5 a1=Q 57.c6 Qe5
58.c7 Qxc7 59.Be6 Kc5 60.Bg4 Kd6 61.Kg2 Qc2+  0-1

[Event "Bullet Chess Winners 2024"]
[Site "chess.com INT"]
[Date "2024.06.12"]
[Round "4.10"]
[White "Naroditsky,D"]
[Black "Nakamura,Hi"]
[Result "0-1"]
[WhiteElo "2619"]
[BlackElo "2794"]

1.d4 g6 2.Nc3 Bg7 3.e4 a6 4.Be3 b5 5.h4 h5 6.Nf3 e6 7.Ng5 d6 8.Qf3 Qf6 9.Qg3 Qe7
10.e5 Bb7 11.O-O-O Nh6 12.Bd3 Nc6 13.exd6 cxd6 14.Nce4 Nf5 15.Qh2 Ncxd4 16.c3 Nc6
17.Bc2 O-O-O 18.Bb6 Rd7 19.Kb1 Ne5 20.f3 Nc4 21.Bf2 Rc7 22.Bb3 d5 23.Bxc4 bxc4
24.Nd2 Kb8 25.Bb6 Rc8 26.Rhe1 Ka8 27.Bxc7 Rxc7 28.g4 Nh6 29.Qe2 Rc6 30.gxh5 gxh5
31.Nf1 Rb6 32.Ka1 Qc5 33.Ne3 a5 34.Nc2 a4 35.a3 Nf5 36.Nb4 d4 37.Ne4 Qc7
38.cxd4 Nxd4 39.Rxd4 Bxd4 40.Rd1 e5 41.Qc2 Bc6 42.Nc3 Qb7 43.Nxa4 Rxb4 44.axb4 Qa7
45.Kb1 Bxa4 46.Qe4+ Qb7 47.Rxd4 exd4 48.Qxd4 Qc6 49.f4 Kb7 50.Ka2 Bb3+ 51.Kb1 Qh1+  0-1

[Event "Bullet Chess Winners 2024"]
[Site "chess.com INT"]
[Date "2024.06.12"]
[Round "4.9"]
[White "Nakamura,Hi"]
[Black "Naroditsky,D"]
[Result "1-0"]
[WhiteElo "2794"]
[BlackElo "2619"]

1.e4 c5 2.Nc3 e6 3.f4 Nc6 4.Nf3 d5 5.Bb5 Ne7 6.exd5 exd5 7.Qe2 d4 8.Bxc6+ bxc6
9.Ne4 Qd5 10.c4 dxc3 11.dxc3 Bf5 12.Nf2 O-O-O 13.O-O Bd3 14.Nxd3 Qxd3 15.Qxd3 Rxd3
16.Ne5 Rd5 17.Nxf7 Rg8 18.Ng5 Nf5 19.Nxh7 Be7 20.Ng5 Rgd8 21.Nf3 c4 22.Re1 Bc5+
23.Kf1 Rh8 24.g4 Nh4 25.Ne5 Bd6 26.Nf7 Rf8 27.Nxd6+ Rxd6 28.Kf2 Rd3 29.Be3 Ng6
30.f5 Ne5 31.h3 g6 32.Bc5 Re8 33.Bd4 Rxd4 34.cxd4 Nd3+ 35.Kf1 Nxe1 36.Rxe1 Rf8
37.Re5 gxf5 38.Rxf5 Rh8 39.Kg2 Kd7 40.g5 Rb8 41.Rf2 c5 42.dxc5 Kc6 43.h4 a5
44.h5 a4 45.g6 a3 46.bxa3 c3 47.g7 c2 48.Rxc2 Kb7  1-0

[Event "Bullet Chess Winners 2024"]
[Site "chess.com INT"]
[Date "2024.06.12"]
[Round "4.11"]
[White "Nakamura,Hi"]
[Black "Naroditsky,D"]
[Result "1/2-1/2"]
[WhiteElo "2794"]
[BlackElo "2619"]

1.b3 d5 2.Bb2 Bg4 3.h3 Bh5 4.Nf3 Bxf3 5.exf3 Nf6 6.d4 e6 7.Bd3 c5 8.dxc5 Nc6
9.O-O Bxc5 10.c4 d4 11.Nd2 a5 12.a3 O-O 13.Qe2 Be7 14.f4 Qc7 15.g3 Nd7 16.Bc2 Nc5
17.Ne4 d3 18.Bxd3 Nxb3 19.Rab1 Nbd4 20.Qe3 Rad8 21.c5 Nf5 22.Qe2 Ncd4 23.Qh5 Rfe8
24.Bxd4 Rxd4 25.Qf3 Red8 26.Rfd1 Kf8 27.Bc2 Qc6 28.Kg2 g6 29.Nc3 Rxd1 30.Rxd1 Qxf3+
31.Kxf3 Rxd1 32.Bxd1 Bxc5 33.Nb5 Ke7 34.a4 Nd4+ 35.Nxd4 Bxd4 36.Ke2 Kd6 37.Bc2 Kc5
38.Bd3 Kb4 39.Bb5 Kc5 40.Be8 f6 41.Bd7 Kd6 42.Bb5 b6 43.g4 Bc5 44.Kf3 Ke7
45.f5 exf5 46.gxf5 gxf5 47.Bd3 Ke6 48.Bc2 Ke5 49.Bd3 h6 50.Bb5 f4 51.Bc6 Bd6
52.Bb5 Kd4 53.Bc6 Kc5 54.Bb5 Kb4 55.Be8 Kc4 56.Bb5+ Kd5 57.Be8 Ke6 58.Bb5 Ke7
59.Bc6 Bc7 60.Bb5 Bb8 61.Bc6 Ke6 62.Bb5 Kd6 63.Ke4 Kc5 64.Kf5 Be5 65.Ke4 Kb4
66.f3 Kc3 67.Kf5 Kd2 68.Kg6 Ke3 69.Bc6 b5 70.axb5 a4 71.b6 a3 72.Bd5 Kd4
73.Ba2 Ke3 74.Bd5 Kd4 75.Ba2 Bd6 76.Kxh6 Ke3 77.Bd5 Kd4 78.Ba2 Ke3 79.Bd5 Bb8
80.Kg6 Kd4 81.Ba2 Ke3 82.h4 Kxf3 83.h5 Kg2 84.h6 f3 85.h7 f2 86.h8=Q f1=Q
87.Qxb8 Qf3 88.Kg7 Qg3+ 89.Qxg3+ Kxg3 90.b7 f5 91.b8=Q+ f4 92.Qb3+ Kg4 93.Qxa3 f3
94.Qxf3+ Kxf3  1/2-1/2

[Event "Bullet Chess Winners 2024"]
[Site "chess.com INT"]
[Date "2024.06.12"]
[Round "4.7"]
[White "Nakamura,Hi"]
[Black "Naroditsky,D"]
[Result "0-1"]
[WhiteElo "2794"]
[BlackElo "2619"]

1.e4 d5 2.Nc3 dxe4 3.Nxe4 Nf6 4.Ng3 h5 5.Bc4 Nc6 6.Nf3 h4 7.Nf1 h3 8.g3 e5
9.Ne3 e4 10.Ng5 Ne5 11.Bb3 Rh5 12.f4 Rxg5 13.fxe5 Rxe5 14.O-O Bc5 15.Kh1 Bxe3
16.dxe3 Qxd1 17.Rxd1 Bg4 18.Rd4 c5 19.Rd2 Bf3+ 20.Kg1 b5 21.c4 b4 22.Ba4+ Ke7
23.b3 Rd8 24.Rxd8 Kxd8 25.Bb2 Re6 26.a3 Rd6 27.axb4 Rd2 28.Ra2 Rd1+  0-1

[Event "Bullet Chess Winners 2024"]
[Site "chess.com INT"]
[Date "2024.06.12"]
[Round "4.12"]
[White "Naroditsky,D"]
[Black "Nakamura,Hi"]
[Result "0-1"]
[WhiteElo "2619"]
[BlackElo "2794"]

1.Nf3 g6 2.g3 Bg7 3.Bg2 d6 4.O-O Bd7 5.d4 Qc8 6.Re1 Nc6 7.d5 Ne5 8.Nc3 Bh3
9.Bh1 h5 10.Ng5 h4 11.Nxh3 hxg3 12.Nf4 gxf2+ 13.Kxf2 Rxh2+ 14.Kg1 Rh4 15.e4 Nf6
16.Bg2 Qd7 17.Be3 Nfg4 18.Bd4 O-O-O 19.Qe2 Rdh8 20.Qb5 Nf3+ 21.Bxf3 Bxd4+
22.Kf1 Nh2+ 23.Ke2 Rxf4 24.Qxd7+ Kxd7 25.Rh1  0-1

[Event "Bullet Chess Winners 2024"]
[Site "chess.com INT"]
[Date "2024.06.12"]
[Round "4.8"]
[White "Naroditsky,D"]
[Black "Nakamura,Hi"]
[Result "1-0"]
[WhiteElo "2619"]
[BlackElo "2794"]

1.e4 g6 2.d4 Bg7 3.Nc3 c6 4.Nf3 d5 5.h3 dxe4 6.Nxe4 Nf6 7.Bd3 O-O 8.O-O Nbd7
9.Re1 b6 10.Ng3 Bb7 11.c3 c5 12.Be3 e6 13.Qe2 Qc7 14.Rad1 Rad8 15.Bc2 Nd5
16.Bg5 Rde8 17.Qd2 Rc8 18.Bh6 Bxh6 19.Qxh6 Rfd8 20.Ng5 Nf8 21.Nh5 f6 22.Nxf6+ Nxf6
23.Nxe6 Nxe6 24.Rxe6 Qg7 25.Qxg7+ Kxg7 26.Re7+ Kh6 27.Rxb7 cxd4 28.Rxa7 dxc3
29.Rxd8 Rxd8 30.bxc3 Nd5 31.Bb3 Nxc3 32.Rb7 b5 33.h4 Kh5 34.Rxh7+ Kg4 35.Be6+ Kf4
36.Kh2 Rd2 37.Rg7 Rxf2 38.Rf7+ Ke3 39.Rxf2 Kxf2 40.g4 Ne4 41.h5 gxh5 42.gxh5 Ng5
43.h6 Kf3 44.Bf5 Kf4 45.h7 Nf7 46.Bg6 Nh8 47.Bc2 Kg5 48.Kg3 Kh6 49.Kf4 Kg7
50.Ke5 Nf7+ 51.Kd5 Ng5 52.Kc5 Nf3 53.Bd3 Ne5 54.Be4 Nc4 55.Kxb5 Nb2 56.Kb4 Kh8
57.Kb3 Nd1 58.a4 Nf2 59.Bf5 Nd1 60.a5 Ne3 61.Be4 Ng4 62.a6 Nf6 63.Bf3 Nd7
64.a7 Nb6 65.Kb4 Kg7 66.Kc5 Nd7+ 67.Kc6 Nf6 68.a8=Q Nxh7 69.Qb7+ Kh6 70.Qf7 Ng5
71.Qf6+ Kh7 72.Qg6+ Kh8 73.Qh5+ Kg7 74.Qxg5+ Kf7 75.Kd6 Ke8 76.Qe7+  1-0

[Event "Bullet Chess Winners 2024"]
[Site "chess.com INT"]
[Date "2024.06.12"]
[Round "4.4"]
[White "Naroditsky,D"]
[Black "Nakamura,Hi"]
[Result "1/2-1/2"]
[WhiteElo "2619"]
[BlackElo "2794"]

1.e4 g6 2.d4 Bg7 3.Nc3 c6 4.Be3 d5 5.f3 Nf6 6.Qd2 dxe4 7.fxe4 e5 8.Nf3 exd4
9.Bxd4 O-O 10.O-O-O Ng4 11.Bxg7 Qxd2+ 12.Rxd2 Kxg7 13.h3 Nf6 14.e5 Nh5 15.Ne4 Nd7
16.Nd6 Nb6 17.Ng5 Ng3 18.Rg1 h6 19.Nf3 Rb8 20.Bd3 Be6 21.Nd4 Nd7 22.Re1 Nc5
23.Re3 Nxd3+ 24.cxd3 Nf1 25.Rf3 Nxd2 26.Kxd2 Bxa2 27.b3 c5 28.N4b5 Bxb3 29.Nxa7 Bd5
30.Rg3 f6 31.Re3 fxe5 32.Rxe5 Bxg2 33.Rxc5 Rf2+ 34.Ke3 Rbf8 35.Rc7+ Kg8 36.Nab5 Bxh3
37.Ne4 R2f7 38.Rc5 Bd7 39.Nbd6 Re7 40.Rc7 b5 41.Nxb5 Rh7 42.Nbc3 Bf5 43.Rc6 Bxe4
44.dxe4 Rg7 45.Nd5 h5 46.Nf6+ Kh8 47.e5 h4 48.Rc4 g5 49.Kf3 Rg6 50.Kg4 Kg7
51.Rc7+ Rf7 52.Rc8 Re7 53.Nh5+ Kf7 54.Rc5 Ra6 55.e6+ Raxe6 56.Rxg5 Re4+ 57.Nf4 R7e5
58.Rxe5 Rxe5 59.Kxh4 Kf6 60.Kg4 Ra5 61.Nd3 Ra4+ 62.Kf3 Kf5 63.Nc5 Rc4 64.Nd3 Re4
65.Nf2 Re8 66.Nd3 Rc8 67.Ke3 Rc4 68.Kd2 Ke4 69.Nf2+ Kd4 70.Nd3 Rc3 71.Nb2 Rb3
72.Kc2 Rh3 73.Nd1 Rh2+ 74.Kb3 Rg2 75.Nb2 Rg3+ 76.Kb4 Rh3 77.Nc4 Rh7 78.Na5 Rh6
79.Kb5 Rh5+ 80.Kb6 Kd5 81.Nc6 Rh6 82.Kb5 Rxc6 83.Kb4 Kd6 84.Kb3  1/2-1/2